A bitter taste: struggling for just the minimum /

Tallennettuna:
Bibliografiset tiedot
Päätekijä: Laslett, Michael
Aineistotyyppi: Teksti
Aiheet:
Tagit: Lisää tagi
Ei tageja, Lisää ensimmäinen tagi!

MARC

LEADER 00000 a a2200000 04500
001 9944
003
040
100 |a Laslett, Michael  
245 |a A bitter taste:   |b struggling for just the minimum /  |c Michael Laslett 
650 |a CAFE  
650 |a CONDICIONES DE TRABAJO  
650 |a SINDICATOS  
650 |a CONFLICTOS LABORALES  
650 |a POBREZA  
650 |a ORGANIZACIONES DE TRABAJADORES  
650 |a CULTIVOS INDUSTRIALES  
773 |g volumen 34, número 6; páginas 8-11  
999 |c 33173  |d 33173